Arguing on the Toulmin Model: new essays in argument analysis and evaluation

Guardat en:
Dades bibliogràfiques
Autors principals: Hitchcock, David (Autor), Verheij, Bart (Autor)
Format: Llibre
Idioma:anglès
Publicat: Dordrecht Springer 2010
Edició:1a. ed
Col·lecció:Argumentation Library, 10
Matèries:
Etiquetes: Afegir etiqueta
Sense etiquetes, Sigues el primer a etiquetar aquest registre!

MARC

LEADER 00000cam a2200000 a 4500
001 UCD4819
003 CL-VaPUC
008 160722e20100000ne |||||||||||||||||eng|d
020 |a 9789048172337 
082 0 4 |a 401.41  |b HIT  |2 21 
100 0 |a Hitchcock, David  |e author  |9 588539 
700 0 |a Verheij, Bart  |e author  |9 588540 
245 1 0 |a Arguing on the Toulmin Model: new essays in argument analysis and evaluation 
250 |a 1a. ed 
300 |a 439 p 
942 |c BK 
945 |d 20160722 23:21:00  |a dcastane 
260 |a Dordrecht  |b Springer  |c 2010 
600 0 7 |a TOULMIN, STEPHEN  |2 CL-VaPUC  |9 588541 
650 0 |a Argumentación   |9 257103 
650 0 |a Análisis del discurso  |9 256696 
583 |a last modification  |c 20160722 23:21:00  |k Rodrigo Vera 
490 0 |a Argumentation Library, 10 
999 |c 365648  |d 365646 
952 |0 0  |1 0  |3 erb  |4 0  |6 401_410000000000000_HIT_2010  |7 0  |8 A  |9 479548  |a BIBMAT  |b BIBMAT  |i 5299055  |l 1  |o 401.41 HIT 2010  |p 5299055  |r 2025-01-07  |s 2024-09-12  |w 2019-11-24  |y BK  |z Catalogado en:20160722  |k MAT